<?xml version="1.0" encoding="UTF-8"?><?xml-stylesheet type="text/xsl" href="static/style.xsl"?><OAI-PMH xmlns="http://www.openarchives.org/OAI/2.0/" xmlns:xsi="http://www.w3.org/2001/XMLSchema-instance" xsi:schemaLocation="http://www.openarchives.org/OAI/2.0/ http://www.openarchives.org/OAI/2.0/OAI-PMH.xsd"><responseDate>2026-06-05T14:41:23Z</responseDate><request verb="GetRecord" identifier="oai:riuma.uma.es:10630/13654" metadataPrefix="marc">https://riuma.uma.es/rest/oai/request</request><GetRecord><record><header><identifier>oai:riuma.uma.es:10630/13654</identifier><datestamp>2026-02-03T11:34:58Z</datestamp><setSpec>com_10630_2254</setSpec><setSpec>col_10630_37953</setSpec></header><metadata><record xmlns="http://www.loc.gov/MARC21/slim" xmlns:dcterms="http://purl.org/dc/terms/" xmlns:doc="http://www.lyncode.com/xoai" xmlns:xsi="http://www.w3.org/2001/XMLSchema-instance" xsi:schemaLocation="http://www.loc.gov/MARC21/slim http://www.loc.gov/standards/marcxml/schema/MARC21slim.xsd">
   <leader>00925njm 22002777a 4500</leader>
   <datafield ind2=" " ind1=" " tag="042">
      <subfield code="a">dc</subfield>
   </datafield>
   <datafield ind2=" " ind1=" " tag="720">
      <subfield code="a">Álvarez-Pinazo, Gema</subfield>
      <subfield code="e">author</subfield>
   </datafield>
   <datafield ind2=" " ind1=" " tag="720">
      <subfield code="a">Santacruz-Cruz, María Isabel</subfield>
      <subfield code="e">author</subfield>
   </datafield>
   <datafield ind2=" " ind1=" " tag="720">
      <subfield code="a">León-Reina, Laura</subfield>
      <subfield code="e">author</subfield>
   </datafield>
   <datafield ind2=" " ind1=" " tag="720">
      <subfield code="a">García-Aranda, Miguel Ángel</subfield>
      <subfield code="e">author</subfield>
   </datafield>
   <datafield ind2=" " ind1=" " tag="720">
      <subfield code="a">Gómez-de-la-Torre, María de los  Ángeles</subfield>
      <subfield code="e">author</subfield>
   </datafield>
   <datafield ind2=" " ind1=" " tag="260">
      <subfield code="c">2013</subfield>
   </datafield>
   <datafield ind2=" " ind1=" " tag="520">
      <subfield code="a">Belite calcium sulfoaluminate (BCSA) cements are low-CO2 building materials. However, their hydration behavior and its effect on mechanical properties have still to be clarified. Here, we report a full multitechnique study of the&#xd;
hydration behavior up to 120 days of nonactivated and activated BCSA laboratory-prepared clinkers, with β- or αH-belite as main phase, respectively. The effects of the amount of gypsum added were also studied. The hydration and crystallization processes are reported and discussed in detail. Finally, shrinkage/expansion data are also given. The optimum amount of gypsum was close to&#xd;
10 wt %. Our study has demonstrated that β-belite reacts at a higher pace than α′H-belite, irrespective of the gypsum content.&#xd;
The hydration mechanism of belite determines the development of the mechanical strengths. These are much higher for activated BCSA cement, ∼65 MPa at 120 days, against ∼20 MPa for nonactivated BCSA cement, with the latter having larger amounts of stratlingite.</subfield>
   </datafield>
   <datafield ind1="8" ind2=" " tag="024">
      <subfield code="a">1520-5045</subfield>
   </datafield>
   <datafield ind1="8" ind2=" " tag="024">
      <subfield code="a">http://hdl.handle.net/10630/13654</subfield>
   </datafield>
   <datafield tag="653" ind2=" " ind1=" ">
      <subfield code="a">Construcciones de hormigón</subfield>
   </datafield>
   <datafield ind2="0" ind1="0" tag="245">
      <subfield code="a">Hydration Reactions and Mechanical Strength Developments of Iron- Rich Sulfobelite Eco-cements</subfield>
   </datafield>
</record>
</metadata></record></GetRecord></OAI-PMH>